000 00301nam a22001337a 4500
008 171023b xxu||||| |||| 00| 0 eng d
020 _a0314779191
041 _aeng
080 _a311
100 _a55
101 _aSTA
245 _aINTERACTIVE STATISTICAL PROGRAMS
_cMAKRIDAKIS,S
942 _2udc
_cBK
999 _c35529
_d35529